Library Logo

Pioneer International University Library Catalogue

Kizuizini / (Record no. 9510)

MARC details
000 -LEADER
fixed length control field 00421cam a22001575a 4500
005 - DATE AND TIME OF LATEST TRANSACTION
control field 20250901165817.0
008 - FIXED-LENGTH DATA ELEMENTS--GENERAL INFORMATION
fixed length control field 070124s2006 ke a 000 0 swa
010 ## - LIBRARY OF CONGRESS CONTROL NUMBER
LC control number 2006317403
020 ## - INTERNATIONAL STANDARD BOOK NUMBER
International Standard Book Number 9966983678
050 00 - LIBRARY OF CONGRESS CALL NUMBER
Classification number PL 8704 .M88 2006
100 1# - MAIN ENTRY--PERSONAL NAME
Personal name Muthee, Joseph,
Dates associated with a name 1928-
245 10 - TITLE STATEMENT
Title Kizuizini /
Statement of responsibility, etc. na Joseph Muthee.
260 ## - PUBLICATION, DISTRIBUTION, ETC.
Place of publication, distribution, etc. Nairobi :
Name of publisher, distributor, etc. Kwani Trust,
Date of publication, distribution, etc. c2006.
300 ## - PHYSICAL DESCRIPTION
Extent 264 p. :
Other physical details ill. ;
Dimensions 20 cm.
942 ## - ADDED ENTRY ELEMENTS (KOHA)
Source of classification or shelving scheme Library of Congress Classification
Holdings
Withdrawn status Lost status Source of classification or shelving scheme Damaged status Not for loan Collection Home library Current library Shelving location Date acquired Source of acquisition Total checkouts Full call number Barcode Date last seen Copy number Price effective from Koha item type
    Library of Congress Classification       Main Library Main Library   04/02/2025 Donation from KICD   PL 8704 .M88 2006 PIUD0000618 04/02/2025 1 04/02/2025 Books
    Library of Congress Classification       Main Library Main Library   04/02/2025 Donation from KICD   PL 8704 .M88 2006 PIUD0000619 04/02/2025 2 04/02/2025 Books